<?xml version="1.0" encoding="UTF-8"?><?xml-stylesheet type="text/xsl" href="static/style.xsl"?><OAI-PMH xmlns="http://www.openarchives.org/OAI/2.0/" xmlns:xsi="http://www.w3.org/2001/XMLSchema-instance" xsi:schemaLocation="http://www.openarchives.org/OAI/2.0/ http://www.openarchives.org/OAI/2.0/OAI-PMH.xsd"><responseDate>2026-06-01T01:57:34Z</responseDate><request verb="GetRecord" identifier="oai:riuma.uma.es:10630/36552" metadataPrefix="marc">https://riuma.uma.es/rest/oai/request</request><GetRecord><record><header><identifier>oai:riuma.uma.es:10630/36552</identifier><datestamp>2026-02-03T11:45:11Z</datestamp><setSpec>com_10630_2254</setSpec><setSpec>col_10630_37956</setSpec></header><metadata><record xmlns="http://www.loc.gov/MARC21/slim" xmlns:dcterms="http://purl.org/dc/terms/" xmlns:doc="http://www.lyncode.com/xoai" xmlns:xsi="http://www.w3.org/2001/XMLSchema-instance" xsi:schemaLocation="http://www.loc.gov/MARC21/slim http://www.loc.gov/standards/marcxml/schema/MARC21slim.xsd">
   <leader>00925njm 22002777a 4500</leader>
   <datafield ind2=" " ind1=" " tag="042">
      <subfield code="a">dc</subfield>
   </datafield>
   <datafield ind2=" " ind1=" " tag="720">
      <subfield code="a">Ruiz-Garrido, María Belén</subfield>
      <subfield code="e">author</subfield>
   </datafield>
   <datafield ind2=" " ind1=" " tag="260">
      <subfield code="c">2023</subfield>
   </datafield>
   <datafield ind2=" " ind1=" " tag="520">
      <subfield code="a">El trabajo de las artistas en el diseño y la creación que atañen al llamado «arte decorativo», «artes industriales», «artesanías» o, muy frecuentemente, «labores femeninas»  ha sido una constante en la historia. No obstante, el vínculo se ha naturalizado de tal modo que se ha concebido como consustancial a una pretendida esencia femenina, aspecto que ha repercutido en su subalternidad. Sin embargo, esta correspondencia debe ser problematizada y discutida en aras de desvelar las razones y calibre de lo que ha sido considerado como accesorio y secundario por el canon académico. Se hace indispensable por tanto conocer el carácter de estos vínculos, los procesos y agentes implicados y la categorización de los mismos. La perspectiva de los estudios feministas y de género ha arrojado luz sobre el carácter de esta complejidad, de ahí que sea indispensable abordarla en su dimensión metodológica y teórica. En la primera parte de este trabajo se aborda la complejidad de estas relaciones. En el segundo epígrafe se lleva a cabo un análisis cualitativo y cuantitativo de la participación de las mujeres en las Exposiciones Nacionales de Artes Decorativas, centrada principalmente en la de 1913, pero con referencias a la de 1911. El tercer epígrafe aporta un estudio de caso. La principal obra con la que Flora López Castrillo participó en la muestra fue Cantatriz griega, un temple de grandes dimensiones que fue premiada con medalla de segunda clase. Se analiza pormenorizadamente no solo los aspectos técnicos, formales y simbólicos de la obra, así como sus posibles fuentes, sino el devenir de la misma en el Museo Nacional de Artes Decorativas.</subfield>
   </datafield>
   <datafield ind1="8" ind2=" " tag="024">
      <subfield code="a">Ruiz Garrido, Belén. "Diseño y creación de mujeres: Flora López Castrillo en el contexto de la Exposición Nacional de Artes Decorativas de 1913", en Castanedo Alonso, Marta y Moliní Gimeno, Alba (eds.), Inconformistas. Diseño y género, Castellón, Ágora feminista, Universidad Jaume I, 2023, pp. 133-152.</subfield>
   </datafield>
   <datafield ind1="8" ind2=" " tag="024">
      <subfield code="a">https://hdl.handle.net/10630/36552</subfield>
   </datafield>
   <datafield ind1="8" ind2=" " tag="024">
      <subfield code="a">10.6035/AgoraFeminista.3</subfield>
   </datafield>
   <datafield tag="653" ind2=" " ind1=" ">
      <subfield code="a">López Castrillo, Flora - Crítica e Interpretación</subfield>
   </datafield>
   <datafield tag="653" ind2=" " ind1=" ">
      <subfield code="a">Artes decorativas - S. XIX-XX</subfield>
   </datafield>
   <datafield tag="653" ind2=" " ind1=" ">
      <subfield code="a">Mujeres artistas</subfield>
   </datafield>
   <datafield tag="653" ind2=" " ind1=" ">
      <subfield code="a">Estudios sobre la mujer</subfield>
   </datafield>
   <datafield ind2="0" ind1="0" tag="245">
      <subfield code="a">Diseño y creación de mujeres: Flora López Castrillo en el contexto de la Exposición Nacional de Artes Decorativas de 1913.</subfield>
   </datafield>
</record>
</metadata></record></GetRecord></OAI-PMH>